000 01199nam0a2200349 4500
001 RU\NLR\BIBL_A\016346182
005 20230517132642.0
010 _a978-5-17-133480-2
_92000
021 _aRU
_bКН-П-23-016459
_9КН-П-23-1644
035 _a(NLR Aleph) 016346182
035 _a(RuMoRGB)011654146
090 _a13106730
_c13106730
100 _a20230417d2023 u y0rusy50 ca
101 1 _arus
_ceng
102 _aRU
105 _aa|||z|||000ay
181 0 _ai
_baxxe
182 0 _an
200 1 _aСумерки богов
_e[роман]
_fСкотт Оден
_gперевод с английского: Алина Ардисламова
203 _aТекст
_bвизуальный
_cнепосредственный
210 _aМосква
_cАСТ
_d2023
215 _a506, [2] с.
_cил.
_d21
225 1 _aШедевры фэнтези
333 _a18+
675 _a821.111(73)-31
_v4
686 1 _aШ6(7США)67-445{Лх1979-62}
700 1 _7ca
_8rus
_aОден
_bС.
_f1967-
_gСкотт
_9219475
_3RU\NLR\AUTH\770219531
942 _cBOOK
980 _aNB